Quality Street - Statistics

General Stats
  • This quiz has been taken 6 times
  • The average score is 6 of 12
Answer Stats
Picture Answer % Correct
The Green Triangle
83%
Toffee Penny
83%
Coffee Creme (John Lewis Exclusive)
67%
Fudge
67%
Orange Creme
67%
The Purple One
67%
Caramel Swirl
50%
Coconut Eclair
50%
Toffee Finger
50%
Strawberry Delight
33%
Milk Choc Block
17%
Orange Chocolate Crunch
0%
No matching quizzes found
Score Distribution
Percent of People with Each Score
Percentile by Number Answered
Your Score History
You have not taken this quiz